Normal view
MARC view
- PROJECT SUPERVISOR BRIG. DR. SYED M. TAHIR ZAIDI
Entry Personal Name
001 - CONTROL NUMBER
- control field: 73021
003 - CONTROL NUMBER IDENTIFIER
- control field: NUST
005 - DATE AND TIME OF LATEST TRANSACTION
- control field: 20210628204944.0
008 - FIXED-LENGTH DATA ELEMENTS
- fixed length control field: 210628|| aca||aabn | a|a d
040 ## - CATALOGING SOURCE
- Original cataloging agency: NUST
- Transcribing agency: NUST
100 ## - HEADING--PERSONAL NAME
- Personal name: PROJECT SUPERVISOR BRIG. DR. SYED M. TAHIR ZAIDI
670 ## - SOURCE DATA FOUND
- Source citation: Work cat.: (NUST): NC MINAHIL SARMAD PC AMNA ASIF PC SALMAN EJAZ 73020, PR-SOF-1900-Smart Cabinet, 2020
